000 00589 a2200181 4500
020 _a0816051240
020 _a9780816051243
082 0 4 _a510.3
090 _c446
_d446
100 1 _aTanton, James Stuart.
245 1 0 _aEncyclopedia of mathematics /
_cJames Stuart Tanton.
260 _a[S.l.] :
_bFacts on File,
_c2005.
300 _a576 p. ;
_c28 cm.
490 1 _aScience encyclopedia.
830 0 _aScience encyclopedia.
942 _aSNS
_cBK
_k510.3 TAN
999 _c61315
_d61315